| 000 | 00665nam a2200205 i 4500 | ||
|---|---|---|---|
| 001 | 26117 | ||
| 003 | ES-MaACL | ||
| 007 | t| | ||
| 008 | 030107s1936 sp ||||1| spa d | ||
| 100 | 1 |
_aArnold, Robert F. _923115 |
|
| 245 | 1 | 0 |
_aCultura del Renacimiento / _cRobert F. Arnold ; Traducción de Salvador Minguijón y Adrián. |
| 250 | _a3ª ed. | ||
| 260 |
_aBarcelona : _b[s.n., _c1936] ( _fTall. Impresos Costa) |
||
| 300 |
_a183 p., 16 lám. ; _c18 cm. |
||
| 490 | 1 |
_aColección Labor ; _v21 |
|
| 700 | 1 |
_aMinguijón y Adrián, Salvador. _981357 |
|
| 830 | 0 | 0 |
_aColección Labor _v21 _9184254 |
| 852 |
_aES-MaACL _jB-9492 _bR.18550 |
||
| 999 |
_c26117 _d26117 |
||